00165nam a2200073Ia 4500008004100000082000800041100002400049245001800073240331s9999 xx 000 0 und d bSAT aRamakrishnan, L. ed 0aSatyajit Ray